中国的民族自治州首府Capitals of Autonomous Prefectures in China - Statistics

General Stats
  • This quiz has been taken 339 times
  • The average score is 20 of 30
Answer Stats
自治州 首府 % Correct
延边朝鲜族自治州 延吉市
94%
恩施土家族苗族自治州 恩施市
89%
大理白族自治州 大理市
84%
凉山彝族自治州 西昌市
80%
湘西土家族苗族自治州 吉首市
79%
甘孜藏族自治州 康定市
78%
楚雄彝族自治州 楚雄市
78%
阿坝藏族羌族自治州 马尔康市
77%
临夏回族自治州 临夏市
75%
文山壮族苗族自治州 文山市
74%
迪庆藏族自治州 香格里拉市
74%
昌吉回族自治州 昌吉市
73%
黔东南苗族侗族自治州 凯里市
72%
玉树藏族自治州 玉树市
72%
伊犁哈萨克自治州 伊宁市
72%
黔南布依族苗族自治州 都匀市
68%
西双版纳傣族自治州 景洪市
68%
海西蒙古族藏族自治州 德令哈市
66%
黔西南布依族苗族自治州 兴义市
65%
德宏傣族景颇族自治州 芒市
63%
巴音郭楞蒙古自治州 库尔勒市
63%
红河哈尼族彝族自治州 蒙自市
60%
甘南藏族自治州 合作市
59%
怒江傈僳族自治州 泸水市
57%
博尔塔拉蒙古自治州 博乐市
56%
海北藏族自治州 海晏县
46%
海南藏族自治州 共和县
46%
克孜勒苏柯尔克孜自治州 阿图什市
46%
果洛藏族自治州 玛沁县
42%
黄南藏族自治州 同仁市
39%
No matching quizzes found
Score Distribution
Percent of People with Each Score
Percentile by Number Answered
Your Score History
You have not taken this quiz